000 00426nam a22001817a 4500
005 20260402104612.0
008 260402b |||||||| |||| 00| 0 eng d
020 _a9789350282465
041 _aEnglish
082 _a342.5406 MAS
100 _a Massey, I.P
245 _a Administrative Law.
250 _a8th
260 _a Lucknow :
_bEBC,
_c2012.
300 _a223 p.
650 _a Administrative Law
942 _cDB
999 _c9574
_d9574